[Event "SUI-chT"]
[Site "Switzerland"]
[Date "2016.05.22"]
[Round "3.8"]
[White "Egle, Stefan"]
[Black "Mansoor, Sharif"]
[Result "0-1"]
[WhiteElo "2185"]
[BlackElo "2055"]
[PlyCount "104"]
[EventDate "2016.03.20"]
[EventType "team-tourn"]
[EventRounds "9"]
[EventCountry "SUI"]
[SourceTitle "EXT 2017"]
[Source "ChessBase"]
[SourceDate "2016.10.25"]
[SourceVersion "1"]
[SourceVersionDate "2016.10.25"]
[SourceQuality "1"]
[WhiteTeam "Bodan"]
[BlackTeam "Reti"]
[WhiteTeamCountry "SUI"]
[BlackTeamCountry "SUI"]

1. d4 Nf6 2. c4 e6 3. g3 Bb4+ 4. Bd2 a5 5. Bg2 0-0 6. e4 d5 7. Bxb4 axb4 8. e5 Nfd7 9. cxd5 exd5 10. Ne2 Nb6 11. 0-0 Nc6 12. Nd2 Bf5 13. Qb3 Qd7 14. Rfe1 Kh8 15. Nf1 Bg4 16. f3 Bh5 17. Rad1 Ra4 18. Nf4 Bg6 19. e6 fxe6 20. Nxe6 Qd6 21. Nxf8 Qxf8 22. Re2 Na5 23. Qe3 Rxa2 24. Rde1 h6 25. b3 Ra3 26. Qe5 Nxb3 27. Ne3 c6 28. Ng4 Nc4 29. Qc7 Nxd4 30. Re7 Nd2 31. Ne5 N2xf3+ 32. Bxf3 Nxf3+ 33. Nxf3 Rxf3 34. Qxb7 b3 35. Qxc6 Kh7 36. Qb7 Qf6 37. R7e5 Be4 38. R5xe4 dxe4 39. Qxe4+ Qf5 40. Qe2 Qd3 41. Qe5 Rf6 42. Ra1 Rc6 43. Kg2 Rc2+ 44. Kh3 Qd7+ 45. g4 Qd3+ 46. Qg3 Qc4 47. Qe5 Rc3+ 48. Kg2 Qxg4+ 49. Kh1 Qf3+ 50. Kg1 Rc2 51. Qg3 Qxg3+ 52. hxg3 b2 0-1

[Event "Zuerich op-B 39th"]
[Site "Zuerich"]
[Date "2015.12.29"]
[Round "5"]
[White "Giesinger, Elias"]
[Black "Mansoor, Sharif"]
[Result "0-1"]
[WhiteElo "1867"]
[BlackElo "2008"]
[PlyCount "80"]
[EventDate "2015.12.26"]
[EventType "swiss"]
[EventRounds "7"]
[EventCountry "SUI"]
[SourceTitle "CBM 170 Extra"]
[Source "ChessBase"]
[SourceDate "2016.02.25"]
[SourceVersion "1"]
[SourceVersionDate "2016.02.25"]
[SourceQuality "1"]

1. d4 Nf6 2. c4 e6 3. Nc3 Bb4 4. a3 Bxc3+ 5. bxc3 c5 6. e3 0-0 7. Bd3 d6 8. Ne2 e5 9. e4 Nc6 10. d5 Ne7 11. 0-0 Ng6 12. Ng3 h6 13. h3 Re8 14. Qe2 Nf4 15. Qe3 Kh7 16. Kh2 g5 17. Nf5 Bxf5 18. exf5 e4 19. Bc2 Qe7 20. g3 N4h5 21. Bd2 Qe5 22. Rae1 Kh8 23. Rg1 Qxf5 24. f3 Qxf3 25. Qxf3 exf3 26. Rxe8+ Rxe8 27. Re1 Rxe1 28. Bxe1 Nd7 29. g4 Nf4 30. Kg3 Ne5 31. Bd2 Kg7 32. a4 h5 33. Bd1 h4+ 34. Kf2 Nxh3+ 35. Kf1 Nxc4 36. Bc1 Ne5 37. Bxf3 Nxf3 38. Kg2 Nhg1 39. Be3 h3+ 40. Kh1 Ne2 0-1

[Event "Zuerich op-B 39th"]
[Site "Zuerich"]
[Date "2015.12.26"]
[Round "1"]
[White "Wunderlin, Thomas"]
[Black "Mansoor, Sharif"]
[Result "0-1"]
[WhiteElo "1784"]
[BlackElo "2008"]
[PlyCount "76"]
[EventDate "2015.12.26"]
[EventType "swiss"]
[EventRounds "7"]
[EventCountry "SUI"]
[SourceTitle "CBM 170 Extra"]
[Source "ChessBase"]
[SourceDate "2016.02.25"]
[SourceVersion "1"]
[SourceVersionDate "2016.02.25"]
[SourceQuality "1"]

1. d4 Nf6 2. e3 d5 3. Bd3 Nc6 4. c3 e5 5. dxe5 Nxe5 6. h3 Nxd3+ 7. Qxd3 Bd6 8. Nd2 0-0 9. Ngf3 b6 10. 0-0 Qe7 11. c4 dxc4 12. Nxc4 Ba6 13. b3 Rfd8 14. Qc2 Bb7 15. Nxd6 Qxd6 16. Nd4 Be4 17. Qe2 c5 18. Nc2 Qd3 19. Re1 Qxc2 20. f3 Qxe2 21. Rxe2 Rd1+ 22. Kf2 Bd3 23. Rb2 Nd5 24. Rd2 Rxd2+ 25. Bxd2 b5 26. a3 f5 27. Rc1 c4 28. bxc4 bxc4 29. g4 fxg4 30. hxg4 Rb8 31. e4 Nc7 32. Ke3 Rb3 33. Bb4 Nb5 34. Ra1 Bb1+ 35. Kd2 c3+ 36. Kc1 c2 37. e5 Nd4 38. e6 Ne2+ 0-1